Presidenti del Consiglio dei Ministri per durata incarico - Statistics

Statistiche generali
  • Questo quiz è stato fatto 150 volte
  • Il punteggio medio è 22 su 30
Statistiche sulle risposte
Giorni in carica Presidente del Consiglio % Corretto
3339 (3291) Berlusconi
96%
1024 (1019) Renzi
93%
988 (954) Conte
90%
1353 (1272) Craxi
90%
2678 (2219) Andreotti
89%
300 (292) Letta
89%
2279 (2071) Moro
88%
70 (70) Draghi
85%
2591 (2485) De Gasperi
81%
536 (467) Gentiloni
80%
529 (401) Monti
80%
1659 (1381) Fanfani
79%
1608 (1491) Prodi
78%
377 (259) Ciampi
76%
553 (542) D'Alema
73%
716 (698) Amato
71%
440 (404) Cossiga
67%
521 (487) Spadolini
67%
337 (283) Leone
65%
1104 (928) Rumor
65%
1088 (1043) Segni
65%
466 (401) De Mita
64%
487 (359) Dini
64%
253 (220) Forlani
61%
259 (226) Goria
61%
123 (115) Tambroni
57%
155 (141) Pella
52%
511 (498) Scelba
50%
561 (527) Colombo
46%
408 (395) Zoli
45%
Nessun quiz corrispondente trovato
Distribuzione punteggi
Percentuale di utenti per punteggio
Percentile per numero di risposta
I tuoi punteggi nel tempo
Non hai fatto questo quiz